| 000 | 00651cam a22002058i 4500 | ||
|---|---|---|---|
| 999 |
_c118023 _d118023 |
||
| 001 | 20277864 | ||
| 005 | 20200729115316.0 | ||
| 008 | 180111s2018 nyu 000 0 eng | ||
| 020 | _a9780815354185 (pbk.) | ||
| 040 | _cPK-LaUMT | ||
| 082 | 0 | 0 |
_a378.125 _223 _bMAC-H |
| 100 | 1 | _aMackh, Bruce M. | |
| 245 | 1 | 0 |
_aHigher education by design : _bbest practices for curricular planning and instruction / _cby Bruce M. Mackh |
| 260 |
_aNew York : _bRoutledge, _c2018 |
||
| 300 | _a267 p. | ||
| 650 | 0 |
_aCollege teachers _xIn-service training. |
|
| 650 | 0 | _aTeacher participation in curriculum planning. | |
| 650 | 0 | _aEffective teaching. | |
| 942 | _cBK | ||